<?xml version="1.0" encoding="UTF-8"?>
<record
    xmlns:xsi="http://www.w3.org/2001/XMLSchema-instance"
    xsi:schemaLocation="http://www.loc.gov/MARC21/slim http://www.loc.gov/standards/marcxml/schema/MARC21slim.xsd"
    xmlns="http://www.loc.gov/MARC21/slim">

  <leader>00841nam  2200217   4500</leader>
  <controlfield tag="001">6058</controlfield>
  <datafield tag="090" ind1=" " ind2=" ">
    <subfield code="a">6058</subfield>
  </datafield>
  <datafield tag="100" ind1=" " ind2=" ">
    <subfield code="a">20190729k        u||y0frey50      ba</subfield>
  </datafield>
  <datafield tag="101" ind1=" " ind2=" ">
    <subfield code="a">fre</subfield>
  </datafield>
  <datafield tag="200" ind1=" " ind2=" ">
    <subfield code="a">18.05.03 La question nucl&#xE9;aire... </subfield>
    <subfield code="b">Brochure</subfield>
    <subfield code="e">Votations f&#xE9;d&#xE9;rales du 18 mai 2003</subfield>
    <subfield code="f">Sortons du nucl&#xE9;aire</subfield>
  </datafield>
  <datafield tag="210" ind1=" " ind2=" ">
    <subfield code="a">Gen&#xE8;ve</subfield>
    <subfield code="c">Sortir du nucl&#xE9;aire</subfield>
    <subfield code="d">2003</subfield>
  </datafield>
  <datafield tag="215" ind1=" " ind2=" ">
    <subfield code="a">15 p.</subfield>
    <subfield code="d">30 cm. </subfield>
  </datafield>
  <datafield tag="606" ind1=" " ind2=" ">
    <subfield code="9">6567</subfield>
    <subfield code="a">Initiative f&#xE9;d&#xE9;rale Moratoire-plus - Pour la prolongation du moratoire dans la construction de centrales nucl&#xE9;aires et la limitation du risque nucl&#xE9;aire (18.05.2003)</subfield>
  </datafield>
  <datafield tag="606" ind1=" " ind2=" ">
    <subfield code="9">648</subfield>
    <subfield code="a">Nucl&#xE9;aire (Energie)</subfield>
  </datafield>
  <datafield tag="607" ind1=" " ind2=" ">
    <subfield code="9">414</subfield>
    <subfield code="a">Suisse</subfield>
  </datafield>
  <datafield tag="701" ind1=" " ind2=" ">
    <subfield code="9">6958</subfield>
    <subfield code="a">Paul Bonny</subfield>
  </datafield>
  <datafield tag="701" ind1=" " ind2=" ">
    <subfield code="9">6959</subfield>
    <subfield code="a">Isabelle Chevalley</subfield>
  </datafield>
  <datafield tag="701" ind1=" " ind2=" ">
    <subfield code="9">6960</subfield>
    <subfield code="a">Philippe de Rougemont</subfield>
  </datafield>
  <datafield tag="701" ind1=" " ind2=" ">
    <subfield code="9">6961</subfield>
    <subfield code="a">Christian van Singer</subfield>
  </datafield>
  <datafield tag="710" ind1=" " ind2=" ">
    <subfield code="9">1449</subfield>
    <subfield code="a">Sortir du nucl&#xE9;aire</subfield>
  </datafield>
  <datafield tag="801" ind1=" " ind2=" ">
    <subfield code="a">CH</subfield>
    <subfield code="b">CH-002049-8</subfield>
  </datafield>
  <datafield tag="995" ind1=" " ind2=" ">
    <subfield code="1">0</subfield>
    <subfield code="2">0</subfield>
    <subfield code="3">0</subfield>
    <subfield code="5">2026-06-11</subfield>
    <subfield code="9">7035</subfield>
    <subfield code="b">ARCHIC</subfield>
    <subfield code="c">ARCHIC</subfield>
    <subfield code="e">Brochures</subfield>
    <subfield code="f">7881</subfield>
    <subfield code="h">Caroline Firmann Gaulis</subfield>
    <subfield code="k">Broch 2717</subfield>
    <subfield code="o">1</subfield>
  </datafield>
</record>
